Michael Jordan Quiz - Statistics

General Stats
  • This quiz has been taken 54 times
    43 since last reset
  • The average score is 13 of 20
Answer Stats
Hint Answer % Correct
What pick was he drafted at 3
98%
How many chips did he win 6
93%
How many DPOTY did he have 1
90%
How many 3-peats did he have 2
90%
How many MVPs did he have 5
90%
How many scoring titles does he have 10
83%
What year was he drafted 1984
83%
What other sport did he play Baseball
83%
What other team was he on Wizards
83%
Most APG in a season 8
80%
Most RPG in a season 8
80%
What team was he on 85-98 Bulls
80%
What was his record in the finals 6-0
73%
Most SPG in a season 3.2
71%
Most BPG in a season 1.6
56%
What was his Nickname Black Jesus
39%
Best 3 Point % in a season 50
37%
Most PPG in a season 37.1
24%
Best FG % in a season 53.9
7%
Best FT % in a season 85.7
5%
No matching quizzes found
Score Distribution
Percent of People with Each Score
Percentile by Number Answered
Your Score History
You have not taken this quiz since the last reset